Villains - Statistics

General Stats
  • This quiz has been taken 25 times
  • The average score is 7 of 16
Answer Stats
Picture Answer % Correct
Dr. Evil
88%
Norman Bates
83%
HAL 9000
75%
Mrs. Bates
67%
Spot
58%
Auric Goldfinger
54%
Jason Voorhees
54%
Headless Horseman
33%
Jim Moriarty
33%
The Thing
29%
René Belloq
25%
Chop Top Sawyer
13%
Skeksil/Chamberlain
13%
Virgil Sollozzo
13%
Miss Togar
8%
Sean Miller
8%
No matching quizzes found
Score Distribution
Percent of People with Each Score
Percentile by Number Answered
Your Score History
You have not taken this quiz